Southville International School and Colleges
Your cart is empty.
  • Cart
  • Lists
    Public lists Eva Luna New books Lux_list list_1
    Your lists Log in to create your own lists
  • Log in to your account
  • Your cookies
  • Search history
Southville International School and Colleges
  • Advanced search
  • Recent comments
  • Most popular
  • Libraries

Log in to your account

Log in with GOOGLE


If you do not have an external account, but do have a local account, you can still log in:

  1. Home
  2. MARC view: Chuckie's ghost /
Normal view MARC view ISBD view

Chuckie's ghost / (Record no. 105460)

[ view plain ]
MARC details
000 -LEADER
fixed length control field 00730nam a2200205 a 4500
005 - DATE AND TIME OF LATEST TRANSACTION
control field 20140412111401.0
008 - FIXED-LENGTH DATA ELEMENTS--GENERAL INFORMATION
fixed length control field 060406s19uu xx 00 eng d
020 ## - INTERNATIONAL STANDARD BOOK NUMBER
International Standard Book Number 0-689-87723-4
050 ## - LIBRARY OF CONGRESS CALL NUMBER
Classification number ER
Item number Ch47 2005
245 ## - TITLE STATEMENT
Title Chuckie's ghost /
Statement of responsibility, etc by Adam Beechen ; illustrated by Artful Doodlers.
260 ## - PUBLICATION, DISTRIBUTION, ETC. (IMPRINT)
Place of publication, distribution, etc New York :
Name of publisher, distributor, etc Simon Spotlight/Nickelodeon,
Date of publication, distribution, etc 2005.
300 ## - PHYSICAL DESCRIPTION
Extent 32 p. ; ill.
440 ## - SERIES STATEMENT/ADDED ENTRY--TITLE
Title Ready-to-Read, Level 2
520 ## - SUMMARY, ETC.
Summary, etc All the kids wear a costumes to school on Holloween except for Chuck, who is afraid that the new boy he met in the hallway is really ghost.
650 ## - SUBJECT ADDED ENTRY--TOPICAL TERM
Topical term or geographic name as entry element Bashfulness
General subdivision Fiction
650 ## - SUBJECT ADDED ENTRY--TOPICAL TERM
Topical term or geographic name as entry element Fear
General subdivision Fiction
650 ## - SUBJECT ADDED ENTRY--TOPICAL TERM
Topical term or geographic name as entry element Halloween
General subdivision Fiction
650 ## - SUBJECT ADDED ENTRY--TOPICAL TERM
Topical term or geographic name as entry element Schools
General subdivision Fiction
Holdings
Withdrawn status Lost status Damaged status Use restrictions Home library Current library Shelving location Date acquired Source of acquisition Cost, normal purchase price Total Checkouts Full call number Barcode Date last seen Price effective from Koha item type
        Elizalde Library Elizalde Library Easy Reading Section 04/06/2006   179.00   ER Ch47 2005 E10205 04/12/2014 04/12/2014 Books

Chuckie's ghost /

APA

(2005). Chuckie's ghost. New York: Simon Spotlight/Nickelodeon.

Chicago

2005. Chuckie's ghost. New York: Simon Spotlight/Nickelodeon.

Harvard

(2005). Chuckie's ghost. New York: Simon Spotlight/Nickelodeon.

MLA

Chuckie's ghost. New York: Simon Spotlight/Nickelodeon. 2005.

  • Place hold
  • Print
  • Cite
  • Add to your cart (remove)
  • Save record
    BIBTEX Dublin Core MARCXML MARC (non-Unicode/MARC-8) MARC (Unicode/UTF-8) MARC (Unicode/UTF-8, Standard) MODS (XML) RIS
  • More searches
    Search for this title in:
    Other Libraries (WorldCat) Other Databases (Google Scholar) Online Stores (Bookfinder.com) Open Library (openlibrary.org)

Exporting to Dublin Core...

SOUTHVILLE LIBRARY

Southville International School and Colleges Library

1281 Tropical Ave. Cor. Luxembourg St., BF Homes International, Las Pinas City

Tel. No. 8256374 / 252358 Loc. 117/146

Powered by Koha